000 nam a22 7a 4500
999 _c141125
_d141123
005 20180524125159.0
008 180524b mx ||||| |||| 00| 0 spa d
020 _a9707019085
050 0 4 _aHV6439.S2
_bN37 2007
100 1 _aNarváez Gutiérrez, Juan Carlos.
245 1 0 _aRuta transnacional : a San Salvador por Los Ángeles
_b: espacios de interacción juvenil en un contexto migratorio
_c/ Juan Carlos Narváez Gutiérrez.
250 _a1a ed.
260 _aMéxico :
_bUniversidad Autónoma de Zacatecas
260 _bMiguel Ángel Porrúa,
_c2007.
300 _a155 p. ;
_c23 cm.
490 0 _aAmérica Latina y el nuevo orden mundial.
504 _aBibliografía : p. 147-155 e índice.
650 7 _2lemb
_aPandillas
_xHomies Unidos
650 7 _2lemb
_aPandillas
_xCondiciones sociales
_zEl Salvador
650 7 _2lemb
_aPandillas
_xMS-13
650 4 _aSalvadoreños
_zEstados Unidos
_zLos Angeles
650 7 _2lemb
_aMigración
_xAspectos sociales
_zEl Salvador
942 _2lcc
_cLIB